Radnica Čunovo

Enregistré dans:
Détails bibliographiques
Auteur principal: Junasová, Michaela (Auteur)
Autres auteurs: Ilkovičová, Ľubica (Directeur de thèse)
Format: Manuscrit Livre
Langue:slovaque
Publié: Bratislava 2021
Sujets:
Accès en ligne:http://is.stuba.sk/zp/portal_zp.pl?podrobnosti=145854
Tags: Ajouter un tag
Pas de tags, Soyez le premier à ajouter un tag!

MARC

LEADER 00000ntm a22000003a 4500
001 stuzp83742
003 SK-STU
005 20211109094942.8
007 ta
008 150427s2015----xo-----f-mn---000-0-slo-d
040 |a STU  |b slo 
041 0 |a slo 
100 1 |a Junasová, Michaela  |u 054140  |4 aut  |U FAD Fakulta architektúry a dizajnu  |T FAD Ústav konštrukcií v architektúre a inžinierskych stavieb  |X 93653  |U A4140  |Y 395  |7 93653 
242 0 1 |a Town Hall, Čunovo  |y eng 
245 1 0 |a Radnica Čunovo 
260 |c 2021  |a Bratislava 
650 4 |a drevená konštrukcia  |2 slo 
650 4 |a radnica  |2 slo 
650 4 |a administratívna bubdova  |2 slo 
650 4 |a ekológia  |2 slo 
650 4 |a sobášna sieň  |2 slo 
650 4 |a town hall  |2 eng 
650 4 |a administrative building  |2 eng 
650 4 |a wedding hall  |2 eng 
650 4 |a wooden structure  |2 eng 
650 4 |a ecology  |2 eng 
700 1 |a Ilkovičová, Ľubica  |u 054140  |k Z1  |4 ths  |U FAD Fakulta architektúry a dizajnu  |T FAD Ústav konštrukcií v architektúre a inžinierskych stavieb  |X 443  |U A4140  |Y 395  |7 A000000443 
856 4 |u http://is.stuba.sk/zp/portal_zp.pl?podrobnosti=145854  |u https://opac.crzp.sk/?fn=detailBiblioForm&sid=6327E39BEACEDA03060509820365